Zwycięzcy Ligi Mistrzów (Piłkarze) - nagła śmierć - Statystyki

Ogólne statystyki
  • Ten quiz został rozwiązany 374 razy
  • Średni wynik to 9 z 44
Answers on the Grid
Answers color-coded by a green-red scale on the quiz's grid according to % correct below.
Toni Kroos
Lionel Messi
Cristiano Ronaldo
Karim Benzema
Andrés Iniesta
Gerd Müller
Franz Beckenbauer
Uli Hoeneß
Thomas Müller
Manuel Neuer
Achraf Hakimi
Nuno Mendes
Marc-André ter Stegen
Arda Güler
Virgil van Dijk
Eden Hazard
Julián Alvarez
Mason Mount
Kai Havertz
N'Golo Kanté
Timo Werner
Olivier Giroud
Jamal Musiala
Robert Lewandowski
Joshua Kimmich
Niklas Süle
Neymar
Sadio Mané
Sami Khedira
Luis Suárez
Emre Can
Franck Ribéry
Bastian Schweinsteiger
Philipp Lahm
Kaká
Frank Lampard
Ashley Cole
Petr Cech
Fernando Torres
Thierry Henry
Ronaldinho
Oliver Kahn
Lars Ricken
Rudi Völler
Kylian Mbappé
Mats Hummels
Roberto Baggio
Antoine Griezmann
Cesc Fabregas
Michael Ballack
Ruud van Nistelrooy
Lilian Thuram
Francesco Totti
Fabio Cannavaro
Zlatan Ibrahimović
Sergio Agüero
Dennis Bergkamp
Gianluigi Buffon
Ronaldo (R9)
Lothar Matthäus
Florian Wirtz
Jadon Sancho
Julian Brandt
Marco Reus
Julian Draxler
Jens Lehmann
Pierre-Emerick Aubameyang
Mesut Özil
Mario Götze
Harry Kane
Heung-min Son
Diego Maradona
 
Statystyki odpowiedzi
Odpowiedź % Poprawnych
Lionel Messi
35%
Cristiano Ronaldo
34%
Robert Lewandowski
34%
Andrés Iniesta
33%
Neymar
33%
Thomas Müller
33%
Manuel Neuer
30%
Toni Kroos
28%
Philipp Lahm
27%
Ronaldinho
27%
Karim Benzema
26%
N'Golo Kanté
26%
Luis Suárez
25%
Franck Ribéry
23%
Joshua Kimmich
23%
Petr Cech
23%
Frank Lampard
21%
Sadio Mané
21%
Virgil van Dijk
21%
Achraf Hakimi
20%
Kai Havertz
20%
Kaká
20%
Nuno Mendes
19%
Marc-André ter Stegen
18%
Thierry Henry
18%
Mason Mount
17%
Bastian Schweinsteiger
16%
Franz Beckenbauer
16%
Gerd Müller
16%
Oliver Kahn
16%
Sami Khedira
16%
Julián Alvarez
14%
Arda Güler
12%
Timo Werner
12%
Eden Hazard
11%
Fernando Torres
11%
Jamal Musiala
11%
Niklas Süle
11%
Olivier Giroud
11%
Ashley Cole
10%
Emre Can
5%
Uli Hoeneß
5%
Lars Ricken
4%
Rudi Völler
3%
Nie znaleziono quizów pasujących do podanych kryteriów
Rozkład punktacji
Procent ludzi z każdym wynikiem
Percentyl według liczby udzielonych odpowiedzi
Twoja historia wyników
Nie rozwiązałeś tego quizu